1451 1428 1527 1416 1512 1183 1310 1678 1271 1637 1219 1234 1076 1241 1205 1513 1740 1237 1928 1072 1471 1012 1642 1589 1244 1179 1510 1264 1977 1764 1558 1838 1217 1564 1728 1585 1892 1981 1288 1447 1795 1998 1041 1891 1768 1198 1931 1623 1110 1293 1823 1037 1475 1247 1587 1296 1321 1687 1556 1380 1231 1648 1614 1310 1457 1563 1481 1993 1618 1720 1935 1587 1310 1618 1851 1188 1576 1244 1107 1916 1158 1844 1078 1596 1076 1903 1331 1266 1764 1507 1883 1697 1532 1649 1497 1203 1042 1295 1884 BCNSPRNW ULIB Ver.6.0+V

เปลี่ยนเป็นภาษาไทย

Change to English
 แสดงรายละเอียดบรรณานุกรม
  กลับหน้าหลัก

Brief Record : Get Marc (ISO 2709) : E-mail record : QR code < ปิดหน้าต่าง
LEADER : 00000nam 2200000uu 4500
001    13399111567
003     ULIB
008    110701s||||||||th 000 0 tha d
020    9789749898154
050  4 BQ4570^bว111ค 2550
100 0  ว.วชิรเมธี
245 10 คนสำราญ งานสำเร็จ /^cว.วชิรเมธี
250    พิมพ์ครั้งที่ 1
260    กรุงเทพฯ :^bอมรินทร์,^c2550
300    175 หน้า :^bภาพประกอบ ;^c17 ซม.
440  0 ธรรมะในอากาศ ;^vลำดับที่ 2
650  7 ธรรมะ
650  7 การทำงาน^xแง่ศาสนา^xพุทธศาสนา
650  7 ธรรมะกับชีวิตประจำวัน
650  7 การปฏิบัติธรรม
945    ^p145^l0^i023209
995    ทศพร
999 ^a ใช้งานได้ทุกระบบ
รายการนี้ยังไม่มีแท็ก
คุณยังไม่ได้ล็อกอิน คุณสามารถมีกิจกรรมร่วมกับเว็บไซต์ได้ แต่ต้องล็อกอินก่อน ::
  ล็อกอิน

รายการสื่อสารสนเทศ

ลำดับที่ ประเภท เลขเรียก/บาร์โค้ด สถานที่ สถานะ
- ไม่พบข้อมูล -

รายการใกล้เคียง
    ผู้แต่ง [ว.วชิรเมธี]

    หัวเรื่อง [ธรรมะ]
    หัวเรื่อง [ธรรมะกับชีวิตประจำวัน]
    หัวเรื่อง [การปฏิบัติธรรม]

BibComment


ยังไม่เคยถูกคอมเมนท์

คอมเมนท์ทรัพยากรรายการนี้
  คอมเมนท์: คนสำราญ งานสำเร็จ..


 Copyright 2026. Bcnsprnw @Library